Normal view
MARC view
- Layton, Richard A.
Entry Personal Name
001 - CONTROL NUMBER
- control field: 26162
003 - CONTROL NUMBER IDENTIFIER
- control field: NUST
005 - DATE AND TIME OF LATEST TRANSACTION
- control field: 20191125162101.0
008 - FIXED-LENGTH DATA ELEMENTS
- fixed length control field: 191125|| aca||aabn | a|a d
040 ## - CATALOGING SOURCE
- Original cataloging agency: NUST
- Transcribing agency: NUST
100 ## - HEADING--PERSONAL NAME
- Personal name: Layton, Richard A.
- Titles and other words associated with a name: (Mechanical engineer)
670 ## - SOURCE DATA FOUND
- Source citation: Work cat.: (NUST)0: Layton, Richard A. (Mechanical engineer), Principles of analytical system dynamics /, c1998.
